| 000 | 01037nam a2200313 a 4500 | ||
|---|---|---|---|
| 005 | 20260322212036.0 | ||
| 008 | data | ||
| 010 | _a 97072562 | ||
| 020 | _a0395857635 | ||
| 020 | _a9780395857632 | ||
| 040 |
_aDLC _cDLC |
||
| 043 | _an-us--- | ||
| 050 | 0 | 0 |
_aJK274 _b.W67 1998 |
| 082 | 0 | 0 |
_a320.473 _221 |
| 092 | _a320.47 W67 1998 | ||
| 100 | 1 | _aWilson, James Q. | |
| 245 | 1 | 0 |
_aAmerican government : _binstitutions and policies / _cJames Q. Wilson & John J. DiIulio. |
| 250 | _a7th ed. | ||
| 260 |
_aBoston : _bHoughton Mifflin Co., _cc1998. |
||
| 300 |
_axiv, 726, 84 p. : _bill. (some col.), col. maps ; _c27 cm. |
||
| 504 | _aIncludes bibliographical references (p. 47-59 (2nd group)) and index. | ||
| 651 | 0 |
_aUnited States _xPolitics and government. |
|
| 700 | 1 | _aDiIulio, John J. | |
| 906 |
_a7 _bcbc _corignew _d2 _eopcn _f19 _gy-gencatlg |
||
| 922 | _aco | ||
| 991 |
_bc-GenColl _hJK274 _i.W67 1998 _p00054700313 _tCopy 1 _wBOOKS |
||
| 001 | data | ||
| 999 |
_c846 _d846 |
||